000 00328nam a2200157Ia 4500
008 151213s9999 xx 000 0 und d
100 _aD L R
245 _aLimitation Act
_cD L R
250 _a3rd
260 _aDhaka
_bD L R
_c2009
300 _a7785 p.
650 _aLaw
650 _aLaw
700 _aD L R
999 _c4037
_d4037